| 000 | 00665nam a22002177a 4500 | ||
|---|---|---|---|
| 999 |
_c4376 _d4376 |
||
| 001 | 4050 | ||
| 003 | BD-DhUAP | ||
| 005 | 20201109103558.0 | ||
| 008 | 201109t19991993ii |||| |||| 001 0 eng d | ||
| 020 | _a8173712247 | ||
| 040 |
_aBD-DhUAP _bEng _cBD-DhUAP _dBD-DhUAP |
||
| 082 |
_223 _a651.75 WAI |
||
| 100 | _aWainwright, Gordon R. | ||
| 245 |
_aTricky business letters : _bpersuasive tactics on paper / _cGordon R. Wainwright. |
||
| 260 |
_aIndia : _bUniversities press, _cc1993 [1999]. |
||
| 300 |
_ax, 182 pages : _billustrations ; _c25 cm. |
||
| 500 | _aIncludes index. | ||
| 650 | _aCommercial correspondence. | ||
| 650 | _aBusiness writing. | ||
| 942 |
_2ddc _cBK |
||